[Event "88th GER-ch Men 2017"]
[Site "Apolda"]
[Date "2017.06.30"]
[Round "8"]
[White "Fuchs, Florian"]
[Black "Kolbus, Dietmar"]
[Result "1-0"]
[WhiteElo "2335"]
[BlackElo "2306"]
[Annotator "TA"]
[PlyCount "97"]
[EventDate "2017.??.??"]
[EventType "swiss"]
[EventCountry "GER"]
[SourceTitle "playchess.com"]
[Source "ChessBase"]
[SourceQuality "1"]

{[%evp 14,97,25,5,51,30,34,10,43,37,35,32,20,26,45,47,39,31,40,41,46,30,30,42,50,39,68,45,85,70,114,115,108,108,162,118,168,169,160,170,142,162,164,156,142,101,119,118,115,116,111,103,127,60,63,62,64,54,85,85,85,85,94,95,96,75,123,123,116,109,177,166,186,189,221,195,250,237,398,398,390,375,3901,1934,1259,1247]} 1. e4 c6 2. d4 d5 3. Nd2 dxe4 4. Nxe4 Bf5 5. Ng3 Bg6 6. Nh3 e6 7. Nf4 Bd6 8. Nfh5 {LiveBook: 7 Games. B18: Classical Caro-Kann: 4...Bf5 sidelines} (8. h4 Bxf4 9. Bxf4 h6 10. h5 Bh7 11. Be2 Nd7 12. O-O Ngf6 13. a4 Nd5 14. Bd6 N7f6 15. Be5 a5 16. c3 {1-0 (51) Piorun,K (2665)-Iturrizaga Bonelli,E (2658) Germany 2017}) 8... Bf8 9. c3 $146 ({Predecessor:} 9. Be2 Nd7 10. Bf4 Ngf6 11. O-O Nxh5 12. Nxh5 Bxh5 13. Bxh5 g6 14. Bf3 Nf6 15. c3 Bg7 {0-1 (57) Pajeken,J (1730)-Suvorov,L (1777) Verden 2014}) 9... Nd7 {[%cal Bb8d7,Bd7f6,Bf6d5][%mdl 32]} 10. Bc4 {White is slightly better.} Ngf6 (10... Qh4 {seems wilder.} 11. O-O O-O-O 12. Nf4 Bd6 13. Nge2 Bf5) 11. O-O Nxh5 12. Nxh5 Nf6 13. Nf4 Nd5 14. Re1 {Nxd5 is the strong threat.} Be7 15. Qf3 O-O 16. Nxg6 hxg6 17. Bb3 Bf6 18. g3 Re8 19. h4 Rc8 20. Kg2 Rc7 21. Bd2 Rd7 22. Re2 b5 23. Rh1 e5 (23... a5 $16 24. h5 Bg5) 24. dxe5 Rxe5 25. Rxe5 Bxe5 26. h5 g5 27. Qf5 Bf6 28. Bc2 Kf8 {[#] And now ...Ne7 would win.} 29. Qg4 Nf4+ 30. Bxf4 gxf4 31. Qxf4 Rd2 32. Bb3 {Strongly threatening h6.} Qd6 {Threatening ...Qxf4.} 33. Qxd6+ ({White should play} 33. Qf3 $16) 33... Rxd6 $16 {[%mdl 4096] Endgame KRB-KRB} 34. Rb1 c5 35. Kf1 b4 36. cxb4 cxb4 37. Rc1 Rd7 38. Rc2 a5 39. Kg2 Ra7 40. Ba4 Bd4 41. f4 Ke7 (41... g6 $16) 42. Rd2 $18 Bb6 43. g4 {[%cal Bg3g4,Bg4g5][%mdl 32]} Rc7 44. Kf3 Bc5 (44... Rc1 $142 45. Rd7+ Kf8) 45. g5 Ke6 $2 (45... Bb6 46. Re2+ Kd6) 46. Bb3+ Ke7 47. f5 {[%cal Bf4f5,Bf5f6][%mdl 32] Black must now prevent h6.} Rc6 $2 {[#]} (47... Rc8 48. Kg4 Bd6 49. f6+ gxf6 50. gxf6+ Kd7) 48. h6 $1 {[%mdl 512]} gxh6 49. f6+ {Precision: White = 65%, Black = 35%.} 1-0

[Event "88th GER-ch Men 2017"]
[Site "Apolda"]
[Date "2017.06.30"]
[Round "8"]
[White "Hirneise, Jens"]
[Black "Frischmann, Rick"]
[Result "1/2-1/2"]
[WhiteElo "2328"]
[BlackElo "2304"]
[Annotator "TA"]
[PlyCount "155"]
[EventDate "2017.??.??"]
[EventType "swiss"]
[EventCountry "GER"]
[SourceTitle "playchess.com"]
[Source "ChessBase"]
[SourceQuality "1"]

{[%evp 13,155,42,28,19,55,51,54,54,64,50,68,51,66,65,66,64,73,68,113,83,111,57,83,103,138,68,63,25,52,12,12,16,28,28,21,0,23,19,31,20,29,12,30,6,35,25,24,18,18,19,28,24,33,4,6,10,25,0,6,0,0,0,0,0,0,0,0,0,0,4,8,6,6,6,6,6,6,6,6,0,0,0,3,0,0,0,0,0,0,0,6,5,5,5,17,0,17,0,5,4,4,4,4,5,7,0,0,0,0,0,0,0,0,0,0,0,0,0,0,0,0,0,0,0,0,0,0,0,0,0,0,0,0,0,0,0,0,0,0,0,0,0,0,0]} 1. e4 c5 2. Nf3 e6 3. d4 cxd4 4. Nxd4 a6 5. Bd3 g6 6. O-O Bg7 7. Be3 Ne7 8. f4 {B42: Sicilian: Kan Variation: 5 Bd3} (8. Nc3 O-O 9. Be2 Nbc6 10. Nxc6 bxc6 11. Qd6 f5 12. Rad1 fxe4 13. Bg5 Nf5 14. Bxd8 Nxd6 15. Be7 Nb5 16. Bxf8 Nxc3 17. bxc3 Kxf8 {½-½ (55) Berg,E (2553)-Grandelius,N (2623) Sunne 2015}) 8... d5 9. e5 f6 10. exf6 {White is slightly better.} Bxf6 11. Nd2 O-O 12. N2f3 Nbc6 13. c3 Qc7 $146 ({Predecessor:} 13... b5 14. Qe2 Re8 15. Rae1 Bd7 {0-1 (63) Jedinger,A (2104)-Quintero Ortega,C (2203) Austria 2015}) 14. Qd2 Bd7 15. Rae1 e5 16. fxe5 Nxe5 17. Bf4 ({White should try} 17. Bh6 $16 Nxf3+ 18. Nxf3) 17... Nxf3+ 18. Rxf3 Qb6 {[#]} 19. Be3 (19. Kh1 $1 $16) 19... Qd6 $14 20. Ref1 {[%cal Be1f1,Bf1f3,Bf3e3][%mdl 32]} Bg7 21. Nb3 {aiming for Bc5.} Rxf3 22. Rxf3 {Strongly threatening Bc5.} Re8 23. Bc5 Qc7 24. Bf1 Be6 25. Bd4 Nc6 26. Bxg7 Kxg7 27. Re3 Re7 28. Nd4 Bf7 29. Nxc6 Rxe3 $1 30. Qd4+ Kg8 31. Qxe3 Qxc6 32. Qd4 Qe6 33. b3 Qe1 34. a4 Qa1 35. Qe5 a5 {The position is equal.} 36. Qb8+ Kg7 37. Qc7 b6 38. Qe5+ Kg8 39. Qb8+ Kg7 40. Qe5+ Kg8 41. Qd4 Qb2 42. b4 axb4 43. Qxb4 Qa1 44. Kf2 Be8 45. Qxb6 {And now a5 would win.} Qxa4 46. Qe3 Qh4+ 47. Kg1 Bf7 48. g3 Qg4 49. Be2 Qf5 50. g4 Qf6 51. g5 Qe6 (51... Qf5 {is interesting.} 52. Bd3 Qg4+ 53. Qg3 Qc8 54. Qe5 Qg4+) 52. Kf2 {Qxe6 is the strong threat.} Qf5+ 53. Ke1 Kf8 54. Kd2 Kg8 (54... d4 $5 55. cxd4 Qa5+ 56. Kc2 Qa4+ 57. Kd2 Qa5+ 58. Kd1 Qa1+ 59. Kc2 Qa4+ 60. Kc1 Qa1+ 61. Kd2 Qa5+ $11) 55. h3 Qb1 56. h4 Qa2+ 57. Ke1 Qa4 58. Qg3 Qe4 59. Kf2 d4 60. Bd3 Qd5 61. c4 {[#] Qb8+ would kill now.} Qa5 62. Qb8+ Kg7 63. Qf4 Qc3 64. Qe5+ Kg8 65. Qe2 Qc1 66. Kg2 Qf4 67. Qe1 h6 68. gxh6 Kh7 69. Qg3 Qd2+ 70. Kg1 Qc1+ 71. Bf1 Kxh6 (71... Bxc4 $5 72. Qc7+ $8 Kxh6 73. Qxc4 Qxc4 74. Bxc4 Kh5 $11) 72. Qe5 {[%cal Re5h8]} Qe3+ 73. Qxe3+ dxe3 74. Kg2 Bxc4 75. Bxc4 g5 76. hxg5+ Kxg5 77. Kf3 e2 78. Bxe2 {Precision: White = 60%, Black = 64%.} 1/2-1/2

[Event "88th GER-ch Men 2017"]
[Site "Apolda"]
[Date "2017.06.30"]
[Round "8"]
[White "Engel, Luis"]
[Black "Langheinrich, Ferenc"]
[Result "1/2-1/2"]
[WhiteElo "2321"]
[BlackElo "2363"]
[Annotator "TA"]
[PlyCount "129"]
[EventDate "2017.??.??"]
[EventType "swiss"]
[EventCountry "GER"]
[SourceTitle "playchess.com"]
[Source "ChessBase"]
[SourceQuality "1"]

{[%evp 17,129,45,42,19,41,22,28,33,39,0,0,-4,0,0,0,0,0,0,9,0,0,0,18,4,1,13,62,47,49,22,23,29,28,8,18,8,6,0,0,0,0,0,32,24,32,33,39,33,43,22,53,55,55,46,73,27,37,9,9,6,10,0,0,-6,0,0,0,0,0,0,0,0,0,0,0,0,0,0,0,0,0,0,0,-42,-58,-64,-29,-29,0,-23,0,-59,-16,-55,0,0,0,0,0,0,0,0,0,0,0,0,0,0,0,0,0,0,0,0]} 1. e4 d5 2. exd5 Qxd5 3. Nc3 Qd8 4. d4 Nf6 5. Bc4 Bg4 6. Nf3 {B01: Scandinavian Defence} (6. f3 Bf5 7. Nge2 h6 8. Bf4 e6 9. d5 exd5 10. Nxd5 Nxd5 11. Qxd5 Qxd5 12. Bxd5 c6 13. Bb3 Bc5 {1-0 (45) Dervishi,E (2545)-Glek,I (2538) Fuegen 2006}) 6... e6 7. h3 Bxf3 8. Qxf3 c6 9. Be3 Nbd7 {LiveBook: 6 Games} 10. Bb3 Be7 $146 ({Predecessor:} 10... Bb4 11. a3 Ba5 12. O-O O-O 13. Bg5 Bb6 14. Rad1 {1-0 (50) Laczo,G (2230)-Vajda,L Hungary 1999}) 11. Ne4 Nd5 12. Bd2 O-O 13. c4 N5f6 14. Bc2 b5 15. c5 e5 16. dxe5 Nxe5 17. Qf5 {[#] White threatens Nxf6+ and mate.} Ned7 18. O-O-O g6 19. Nxf6+ Bxf6 20. Qf4 Be5 21. Qf3 Qf6 ({Much worse is} 21... Nxc5 $6 22. Bb4 $16) 22. Qxf6 Nxf6 23. Bg5 {[#] Black must now prevent f4.} (23. Rhe1 $5 {[%cal Re1e5]} Rfe8 24. Ba5 $14) 23... Kg7 24. Rhe1 Rfe8 25. g3 a5 26. Kb1 a4 27. Re2 {aiming for Rde1.} Bc7 28. Rde1 Rxe2 29. Rxe2 Nd5 30. Bd2 Rd8 31. Be4 Rd7 32. Kc2 Bd8 33. Bf3 (33. b4 {is interesting.} axb3+ 34. axb3 Bf6 35. b4 h6 36. g4) 33... Re7 34. Rxe7 Nxe7 $14 {[%mdl 4096] Endgame KBB-KBN} 35. Bc3+ f6 {[%cal Bf7f6,Bf6f5][%mdl 32]} 36. Kd3 Kf7 37. Bg4 f5 $1 {[%cal Rf5g4]} 38. Bf3 Ke6 39. Bg7 Ba5 40. Bg2 Bb4 41. Bd4 Nd5 42. a3 Ba5 43. Bf3 Bd8 44. Bd1 h5 45. h4 Bc7 46. Bf3 Ba5 47. Bg2 Be1 48. Kc2 Ne7 49. Kd1 Ba5 50. f4 Nd5 51. Ke2 Bd8 52. Kd3 Ba5 {Strongly threatening ...Be1.} 53. Bf2 (53. Ke2 {looks sharper.}) 53... Bd8 54. Bf3 ({White should play} 54. Bd4 $11) 54... Be7 55. Bd4 Bf8 (55... Kd7 $1 $15) 56. Bd1 $11 {The position is equal.} Be7 57. b3 axb3 58. Bxb3 Bd8 59. a4 bxa4 $1 60. Bxa4 Ba5 61. Bf2 Kd7 62. Bb3 Ke6 63. Kd4 Bc3+ 64. Kc4 Ba5 65. Kd4 {Precision: White = 60%, Black = 71%.} 1/2-1/2

[Event "88th GER-ch Men 2017"]
[Site "Apolda"]
[Date "2017.06.30"]
[Round "8"]
[White "Schneider, Jana"]
[Black "Telljohan, Sven"]
[Result "1-0"]
[WhiteElo "2270"]
[BlackElo "2404"]
[Annotator "TA"]
[PlyCount "93"]
[EventDate "2017.??.??"]
[EventType "swiss"]
[EventCountry "GER"]
[SourceTitle "playchess.com"]
[Source "ChessBase"]
[SourceQuality "1"]

{[%evp 15,93,44,52,47,60,51,43,47,41,0,0,16,16,0,0,0,0,0,0,0,0,0,0,0,27,11,16,29,15,7,23,19,24,12,47,63,66,68,76,73,68,68,118,0,0,0,101,99,168,158,239,205,297,287,290,270,328,328,325,337,319,331,349,238,265,256,517,492,492,493,490,483,471,469,489,482,445,437,437,327]} 1. e4 g6 2. d4 Bg7 3. Nc3 c6 4. Bc4 d6 5. Nf3 Nf6 6. Bb3 O-O 7. O-O d5 8. e5 {B08: Pirc Defence: Classical System} (8. Re1 Bg4 9. Bg5 dxe4 10. Nxe4 Nbd7 11. c3 Qa5 12. Nxf6+ Nxf6 13. Bd2 e6 14. h3 Bxf3 15. Qxf3 Qf5 {1-0 (70) David,A (2602)-Todorov,T (2507) Orsay 2009}) 8... Ne8 {LiveBook: 4 Games} 9. h3 Nc7 10. Ne2 {White is slightly better.} a5 $146 {[#] Hoping for ...a4.} ({Predecessor:} 10... Nd7 11. c3 f6 12. exf6 exf6 13. Re1 Nb6 14. Nf4 Re8 15. Bc2 Nc4 {0-1 (57) Lida,F (2325)-Tempone,M (2440) Buenos Aires 1990}) 11. a3 Nd7 12. Be3 f6 13. exf6 exf6 14. Qd2 Nb6 15. Bh6 Be6 16. Bxg7 Kxg7 17. Rae1 Bf7 18. Nh2 h5 (18... a4 $5 19. Ba2 $8 Rh8 $11) 19. c3 Qd6 20. Nf3 Rae8 21. Bc2 Nc4 22. Qc1 Qd8 23. Nh4 $36 {[%mdl 2048] White fights for an advantage.} Nd6 24. Qd1 Re4 25. Bxe4 dxe4 26. g3 Qd7 27. Kh2 g5 28. Ng2 Be6 29. Ng1 ({White has to play} 29. h4 $16) 29... Bc4 $11 30. Ne2 (30. f4 $11) 30... Be6 $16 31. h4 Bg4 (31... Bh3 $16) 32. Qd2 $18 Kg6 {[#]} (32... Nc4 $16 33. Qc2 Bf3) 33. Ng1 $1 {[%cal Be2g1,Bg1f3,Bf3h4,Bh4f5][%mdl 32]} Re8 (33... Bf3 {is a better defense.} 34. Ne3 g4) 34. f3 exf3 35. Nxf3 ({Much less strong is} 35. Rxe8 Ncxe8 36. Nxf3 Bxf3 $18) 35... Rxe1 36. Ngxe1 {[%cal Rh4g5]} ({Don't play} 36. Nfxe1 Ne6 $18) 36... gxh4 37. Nxh4+ Kg7 38. Neg2 Nd5 39. Ne3 Ne4 40. Qd3 Qe6 $2 (40... Nxe3 41. Qxe3 Qe6) 41. Nef5+ {White is clearly winning.} Bxf5 42. Nxf5+ ({Less strong is} 42. Rxf5 Nd6 $18) 42... Kf8 43. Qe2 Ne7 44. Qxh5 Ng5 45. Qh6+ Kf7 46. Qg7+ Ke8 {aiming for ...Qe2+.} 47. Qxe7+ {Precision: White = 74%, Black = 45%.} 1-0

[Event "88th GER-ch Men 2017"]
[Site "Apolda"]
[Date "2017.06.30"]
[Round "8"]
[White "Rehberg, Raphael"]
[Black "Heinert, Eugen"]
[Result "1/2-1/2"]
[WhiteElo "2264"]
[BlackElo "2151"]
[Annotator "TA"]
[PlyCount "86"]
[EventDate "2017.??.??"]
[EventType "swiss"]
[EventCountry "GER"]
[SourceTitle "playchess.com"]
[Source "ChessBase"]
[SourceQuality "1"]

{[%evp 27,86,71,150,47,56,54,45,54,92,95,91,58,41,17,33,16,14,17,15,8,79,32,117,116,112,98,98,98,98,92,101,11,11,0,0,0,22,6,10,10,10,10,14,0,0,0,0,-8,-8,-8,0,0,0,0,0,0,0,0,0,0,0]} 1. e4 e6 2. d4 d5 3. Nc3 Bb4 4. e5 c5 5. a3 Bxc3+ 6. bxc3 Ne7 7. Nf3 Bd7 8. a4 Qa5 9. Bd2 Nbc6 10. Bb5 f6 11. Qe2 {C19: French: 3 Nc3 Bb4: Main line: 7 Nf3 and 7 a4} (11. c4 Qc7 12. exf6 gxf6 13. cxd5 Nxd5 14. dxc5 O-O-O 15. O-O Rhg8 16. a5 e5 17. a6 Nc3 18. Bxc3 Bh3 19. axb7+ {0-1 (40) Nunn,J (2617)-Wang,H (2610) Amsterdam 2006}) 11... fxe5 12. Nxe5 Nxe5 13. Qxe5 Bxb5 14. c4 Qb6 {LiveBook: 4 Games} (14... Qd8 $142 15. cxb5 cxd4) 15. cxb5 ({White should play} 15. axb5 $16 cxd4 16. Bg5 (16. Qxg7 Rg8 $14)) 15... O-O $14 16. dxc5 Qxc5 17. Qxe6+ Kh8 {[#] White must now prevent ...Nf5.} 18. O-O Nf5 {Hoping for ...Rae8.} 19. Rae1 $146 h6 20. Qg6 Rf6 21. Re8+ Rxe8 22. Qxe8+ Kh7 23. c3 $36 {[%mdl 2048] White has good play.} Nd6 (23... Qc4 $11 {remains equal.}) 24. Qe3 (24. Qe2 {feels hotter.} Qc4 25. Qxc4 Nxc4 26. Rd1 Re6 27. g3) 24... Ne4 (24... Qc4 $1 $14) 25. Qxc5 $16 Nxc5 {[%mdl 4096] Endgame KRB-KRN} 26. Be3 Nxa4 {[#]} 27. Bd4 $1 {[%cal Rd4f6]} Re6 28. Ra1 a6 29. f4 ({White should try} 29. bxa6 $16 Rxa6 30. Re1) 29... axb5 $11 {The position is equal.} 30. Rb1 Rc6 31. Rb3 b6 (31... b4 $5) 32. Kf1 Kg6 33. g4 Kf7 34. Ke2 b4 35. cxb4 Rc2+ 36. Kf3 Rxh2 37. Bf2 (37. Rb1 {looks sharper.} Rh3+ 38. Kg2 Rd3 39. Be5 d4 40. Ra1) 37... Rh3+ 38. Bg3 Rh1 39. f5 Rc1 40. Be5 b5 41. Rd3 Nb6 42. Ra3 {Strongly threatening Ra7+.} Na4 43. Rd3 Nb6 {Precision: White = 42%, Black = 45%.} 1/2-1/2

[Event "88th GER-ch Men 2017"]
[Site "Apolda"]
[Date "2017.06.30"]
[Round "8"]
[White "Schulz, Karsten"]
[Black "Hoefelsauer, Thomas"]
[Result "1/2-1/2"]
[WhiteElo "2264"]
[BlackElo "2395"]
[Annotator "TA"]
[PlyCount "88"]
[EventDate "2017.??.??"]
[EventType "swiss"]
[EventCountry "GER"]
[SourceTitle "playchess.com"]
[Source "ChessBase"]
[SourceQuality "1"]

{[%evp 18,88,0,0,0,0,0,0,0,-1,0,-16,-26,-50,0,0,0,-36,-31,-57,0,-80,-76,-84,-14,-21,-17,-18,-24,-4,-8,-33,-25,-27,-30,-40,0,-25,6,-33,12,4,11,-26,-16,-47,-9,-34,26,-54,21,21,20,21,22,21,22,23,23,22,23,14,25,9,20,7,22,2,10,0,0,0,12]} 1. Nf3 d5 2. g3 Nf6 3. Bg2 c6 4. O-O Bf5 5. d3 e6 {[%cal Be7e6,Be6d5][%mdl 32]} 6. c4 {A07: Réti Opening: New York and Capablanca Systems} Na6 7. cxd5 exd5 8. Nc3 Be7 9. Nd4 Bg6 10. e4 {LiveBook: 4 Games} O-O 11. Nc2 $146 ({Predecessor:} 11. h3 Re8 12. Re1 dxe4 13. dxe4 Bc5 14. Nb3 Qxd1 15. Rxd1 Nxe4 16. Nxe4 Bxe4 17. Bxe4 Rxe4 18. Nxc5 Nxc5 {½-½ (64) Safarli,E (2657)-Balogh,C (2659) Baku 2015}) 11... dxe4 12. dxe4 Nc5 {[%cal Rf6e4]} 13. Qe2 Re8 14. Rd1 Qb6 15. Qc4 Ng4 16. Qe2 $1 {[%cal Re2g4]} Nf6 17. Qc4 Bh5 18. Rf1 Ng4 (18... Nfd7 $15 19. b4 Ne6) 19. b4 (19. Qe2 $1 $11 {remains equal.}) 19... Ne6 $17 20. Qb3 {[#]} Nd4 (20... a5 $1 $17 {[%cal Ra5b4]} 21. h3 Ne5) 21. Nxd4 $11 Qxd4 22. Rb1 {[%cal Ba1b1,Bb1b3,Bb3c3][%mdl 32]} Ne5 $1 23. Be3 Qc4 24. Rfc1 Qxb3 25. Rxb3 Nc4 26. Bc5 Bf6 27. Nb1 (27. e5 $5 Bxe5 28. f4 Bxc3 29. Rbxc3 $11) 27... Red8 28. f3 ({Much weaker is} 28. Rxc4 Rd1+ 29. Bf1 Be2 $15) 28... Bd4+ 29. Bxd4 Rxd4 30. Rbc3 Nd6 31. a3 f6 32. Kf2 {[#] Ke3 is the strong threat.} Bf7 ({Black should play} 32... a5 $15) 33. Ke3 (33. Bf1 $11) 33... Nb5 (33... Nc4+ $1 $15 34. Kf2 (34. Kxd4 $2 {is the wrong capture.} Rd8+ 35. Kc5 Ne5 $19) 34... Nb2) 34. Bf1 {And now Bxb5 would win.} Nxc3 35. Kxd4 Nxb1 36. Rxb1 {[%mdl 4096] Endgame KRB-KRB} Rd8+ 37. Ke3 Kf8 38. Bd3 Ke7 39. Rc1 Rd6 40. Rc3 h6 {The position is equal.} 41. h4 Rd8 42. f4 Ra8 43. Kd4 Rd8+ 44. Ke3 Ra8 {Precision: White = 42%, Black = 44%.} 1/2-1/2

[Event "88th GER-ch Men 2017"]
[Site "Apolda"]
[Date "2017.06.30"]
[Round "8"]
[White "Heimrath, Reiner"]
[Black "Bussard, Christian"]
[Result "1-0"]
[WhiteElo "2231"]
[BlackElo "2251"]
[Annotator "TA"]
[PlyCount "161"]
[EventDate "2017.??.??"]
[EventType "swiss"]
[EventCountry "GER"]
[SourceTitle "playchess.com"]
[Source "ChessBase"]
[SourceQuality "1"]

{[%evp 20,161,54,40,46,34,68,59,68,73,72,57,66,70,70,6,63,58,52,22,43,52,82,0,37,45,294,291,330,314,339,330,530,242,283,234,237,233,220,215,260,222,229,0,234,233,229,0,239,241,313,235,245,211,236,135,135,116,83,71,66,57,94,77,63,55,75,0,0,0,0,0,0,0,0,0,8,-26,0,0,0,0,0,0,64,75,75,79,132,120,159,60,111,124,120,123,100,50,39,24,115,59,187,172,187,187,187,187,187,187,187,187,187,187,187,187,187,187,187,187,187,187,324,320,320,312,284,284,215,151,1608,1864,29987,29988,29990,29989,29989,29987,29995,29996,29996,29997,29997,29998]} 1. Nf3 Nf6 2. g3 d6 3. d4 Nbd7 4. c4 e5 5. Nc3 Be7 6. Bg2 O-O 7. O-O c6 8. Qc2 Re8 9. b3 Bf8 10. e4 Qc7 11. Bb2 {LiveBook: 9 Games} g6 {A54: Old Indian Defence with Nf3, but without e4} (11... b5 12. dxe5 dxe5 13. cxb5 cxb5 14. Qe2 b4 15. Nd5 Nxd5 16. exd5 Qd6 17. Rfd1 Ba6 18. Qe3 f6 19. Nd2 {½-½ (31) Roy Chowdhury,S (2457)-Suvrajit,S (2378) Kuala Lumpur 2010}) 12. Rad1 Bg7 13. h3 exd4 $146 {White is slightly better.} ({Predecessor:} 13... Nh5 14. Kh2 a6 15. d5 c5 16. Ne1 Qd8 17. Bf3 Ndf6 18. Nd3 {1-0 (72) Bruzzi,S-Palda,K Biel 1960}) 14. Nxd4 Nc5 15. Rfe1 Bd7 16. b4 Ne6 17. Qd2 (17. Nb3 $14) 17... Rad8 (17... Nxd4 $11 18. Qxd4 Qc8) 18. Nb3 $14 Bc8 19. Kh2 Nf8 20. b5 Be6 21. Qd3 (21. bxc6 $16 {Nb5 is the strong threat.} bxc6 22. Ba3) 21... h5 22. bxc6 h4 $2 (22... bxc6 $14 23. Ba3 N6d7) 23. Nb5 $1 $18 {[%cal Rb5c7]} ({Not} 23. gxh4 Bxc4 24. Qc2 bxc6 $11) 23... hxg3+ 24. fxg3 Qe7 25. c7 ({Don't take} 25. Nxd6 $6 Ng4+ 26. hxg4 Bxb2 $18) 25... Ra8 $2 (25... Rd7 26. Ba3 a6) 26. Nxd6 (26. e5 $142 dxe5 27. Bxe5) 26... Qxc7 27. Nxe8 Rxe8 28. e5 N6d7 29. Qe4 Rb8 30. Rc1 Bh6 31. Rcd1 Bg7 $1 32. Bf1 Re8 33. Bg2 Rb8 $1 34. Qe3 a6 35. Bd5 Re8 36. Qf4 Nb6 37. Qf3 (37. Rc1 $18) 37... Nxc4 $16 38. Ba1 Nxe5 39. Bxe5 Bxe5 40. Bxe6 Rxe6 41. Re3 Nh7 42. Rde1 Kg7 43. Qg2 (43. Qd1 $16) 43... Nf6 $11 44. Nd2 {And now Nf3 would win.} (44. Rc1 $5 {[%cal Rc1c7]} Qe7 45. Rc2 $11) 44... Nh5 45. Nf1 b5 46. R1e2 a5 47. Rc2 Qb8 48. Kh1 (48. Rc6 $5 {[%cal Rc6e6]}) 48... b4 49. Qd5 $36 {[%mdl 2048] White has good play.} a4 50. Rce2 {[%cal Re3e5]} Nf6 51. Qa5 {[%cal Re3e5]} Nd7 (51... Qb7+ $11 52. Kh2 Ne4 $1 {[%mdl 512]} 53. Rxe4 Bc7) 52. Qxa4 $14 Qb7+ 53. Kh2 $1 Rf6 (53... Rc6 $142) 54. Qd1 Qc7 55. Rg2 ({White should play} 55. Nd2 $16) 55... Rf5 (55... Rc6 $1 $14) 56. Rf3 $16 Rh5 57. Rc2 Qb7 58. Qd3 Nf6 59. Kg2 {Threatens to win with Ne3.} Ne4 {[#]} (59... Bc3 $1 $11) 60. g4 (60. h4 $1 $16) 60... Rh8 {[#]} (60... Rh6 $14) 61. Re2 $1 $18 Ng5 {Strongly threatening ...Rxh3.} 62. Rxe5 Nxf3 63. Qxf3 Qxf3+ 64. Kxf3 {Hoping for Kg3.} Rxh3+ {[%mdl 4096] Endgame KRN-KR} 65. Ng3 Rh8 66. Re2 Ra8 67. g5 Ra3+ 68. Kf4 b3 69. axb3 Rxb3 70. Re8 f5 (70... Rb1 {keeps fighting.} 71. Re7 Rb4+ 72. Ne4 Ra4) 71. Re7+ Kf8 72. Rc7 Rb4+ 73. Ke5 Rb5+ 74. Kd6 Rb3 $2 (74... Rb2 $16 75. Rc3 Ra2 76. Rc8+ Kf7 77. Rc7+ Kf8) 75. Ne2 Kg8 76. Nf4 {White mates.} Rg3 77. Ne6 f4 78. Ke5 f3 79. Kf6 f2 80. Rc8+ Kh7 81. Nf8+ {Precision: White = 61%, Black = 42%.} 1-0

[Event "88th GER-ch Men 2017"]
[Site "Apolda"]
[Date "2017.06.30"]
[Round "8"]
[White "Prenzler, Daniel"]
[Black "Goepfert, Jakob"]
[Result "0-1"]
[WhiteElo "2210"]
[BlackElo "2099"]
[Annotator "TA"]
[PlyCount "50"]
[EventDate "2017.??.??"]
[EventType "swiss"]
[EventCountry "GER"]
[SourceTitle "playchess.com"]
[Source "ChessBase"]
[SourceQuality "1"]

{[%evp 30,50,85,70,412,406,392,8,19,37,49,23,210,128,296,-8,-18,-73,0,0,0,-739,-735]} 1. Nf3 g6 2. e4 Bg7 3. Nc3 c5 4. d4 cxd4 5. Nxd4 Nc6 6. Be3 Nf6 7. Bc4 O-O 8. Bb3 d6 9. f3 Bd7 10. Qd2 Rc8 11. O-O-O Ne5 12. Kb1 Nc4 13. Bxc4 Rxc4 14. g4 Qb8 15. h4 {B78: Sicilian Dragon: Yugoslav Attack, 9 Bc4 Bd7 10 0-0-0 Rc8} (15. b3 Rcc8 16. h4 Qc7 17. Ncb5 Qb8 18. h5 a6 19. Nc3 Qc7 20. Nde2 b5 21. Bh6 Bxh6 22. Qxh6 e6 23. Rd3 Qc5 24. g5 Nxh5 25. Nf4 f5 26. Nxh5 {1-0 (26) Zhao,J (2616)-Lu,S (2607) Shijiazhuang 2015}) 15... Rfc8 16. h5 {LiveBook: 13 Games} Bxg4 $2 {[%mdl 8192]} ({Black should try} 16... Rxc3 $1 $14 17. bxc3 Qc7) 17. fxg4 $18 {White is winning.} Rxc3 18. bxc3 $2 (18. hxg6 $18 hxg6 19. bxc3) 18... Nxe4 $11 19. Qh2 {[#] And now hxg6 would win.} Nxc3+ 20. Kc1 {Strongly threatening hxg6!} Nxd1 $2 (20... g5 $1 $11 {and Black has nothing to worry.}) 21. Kxd1 Be5 $146 {[#]} (21... g5 $16 {was worth a try.}) ({Predecessor:} 21... g5 22. h6 Bf6 {1-0 (44) Svidinsky,D (2086)-Guzenko,A (2155) St Petersburg 2009}) 22. Qf2 $2 (22. Qh4 $1 $18 {aiming for hxg6.} Kf8 23. hxg6 hxg6 24. Rf1 Bxd4 25. Bxd4) 22... Qc7 $1 $36 {[%mdl 2048] Black is more active.} 23. Nf3 (23. Nb3 $11) 23... Qc3 ({Black should play} 23... Qc4 $17 24. hxg6 hxg6) 24. Nxe5 Qxe5 25. hxg6 $2 {[%mdl 8192]} (25. Rh2 $11) 25... Qd5+ {Precision: White = 19%, Black = 23%.} 0-1